[Event "Poznan op 27th"]
[Site "Poznan"]
[Date "2019.08.25"]
[Round "9"]
[White "Kozlowski, Tomasz"]
[Black "Andrzejewska, Maja"]
[Result "0-1"]
[WhiteElo "1835"]
[BlackElo "1314"]
[PlyCount "50"]
[EventDate "2019.08.18"]
[EventType "swiss"]
[EventRounds "9"]
[EventCountry "POL"]
[SourceTitle "EXT 2020"]
[Source "ChessBase"]
[SourceDate "2019.10.17"]
[SourceVersion "1"]
[SourceVersionDate "2019.10.17"]
[SourceQuality "1"]

1. e4 c5 2. Nc3 Nc6 3. f4 e6 4. Nf3 d5 5. Bb5 a6 6. Bxc6+ bxc6 7. d3 Bd6 8. Qe2 Ne7 9. 0-0 0-0 10. g4 f5 11. gxf5 exf5 12. e5 Bb8 13. Kh1 Ng6 14. Bd2 d4 15. Na4 Ba7 16. Ng5 h6 17. Nf3 Be6 18. c4 dxc3 19. bxc3 c4 20. dxc4 Nh4 21. Nb2 Rb8 22. Be1 Nxf3 23. Qxf3 Rxb2 24. Qxc6 Qa8 25. Qxa8 Rxa8 0-1

[Event "Poznan op 27th"]
[Site "Poznan"]
[Date "2019.08.20"]
[Round "4"]
[White "Pieczewska, Gabriela"]
[Black "Andrzejewska, Maja"]
[Result "0-1"]
[WhiteElo "1187"]
[BlackElo "1314"]
[PlyCount "40"]
[EventDate "2019.08.18"]
[EventType "swiss"]
[EventRounds "9"]
[EventCountry "POL"]
[SourceTitle "EXT 2020"]
[Source "ChessBase"]
[SourceDate "2019.10.17"]
[SourceVersion "1"]
[SourceVersionDate "2019.10.17"]
[SourceQuality "1"]

1. c4 c5 2. Nc3 Nc6 3. g3 Nf6 4. Bg2 g6 5. Nf3 Bg7 6. 0-0 0-0 7. e3 d5 8. d4 cxd4 9. cxd5 Nxd5 10. Nxd5 Qxd5 11. Nxd4 Qd7 12. Nxc6 bxc6 13. Qxd7 Bxd7 14. Rd1 Rfd8 15. Rb1 Bf5 16. Rxd8+ Rxd8 17. e4 Rd1+ 18. Bf1 Bh3 19. Be3 Rxb1 20. f4 Rxf1# 0-1

[Event "Poznan op 27th"]
[Site "Poznan"]
[Date "2019.08.18"]
[Round "2"]
[White "Ciesielski, Marceli"]
[Black "Andrzejewska, Maja"]
[Result "1/2-1/2"]
[WhiteElo "1688"]
[BlackElo "1314"]
[PlyCount "42"]
[EventDate "2019.08.18"]
[EventType "swiss"]
[EventRounds "9"]
[EventCountry "POL"]
[SourceTitle "EXT 2020"]
[Source "ChessBase"]
[SourceDate "2019.10.17"]
[SourceVersion "1"]
[SourceVersionDate "2019.10.17"]
[SourceQuality "1"]

1. d4 d5 2. Bf4 Nf6 3. e3 g6 4. h4 Bg7 5. Nc3 a6 6. h5 Nxh5 7. Rxh5 gxh5 8. Qxh5 Be6 9. Na4 Nd7 10. Qh2 Rc8 11. Nf3 b5 12. Nc3 h6 13. a4 c6 14. axb5 axb5 15. Ra6 Bf5 16. Kd2 Nf8 17. Be5 f6 18. Nh4 Bd7 19. Qg3 Rg8 20. Bf4 Be6 21. Be2 Qd7 1/2-1/2

[Event "POL-chT U19 2nd League"]
[Site "Iwonicz"]
[Date "2016.07.31"]
[Round "1.11"]
[White "Andrzejewska, Maja"]
[Black "Szelag, Zuzanna"]
[Result "0-1"]
[WhiteElo "1298"]
[BlackElo "1732"]
[PlyCount "146"]
[EventDate "2016.07.23"]
[EventType "team-swiss"]
[EventRounds "11"]
[EventCountry "POL"]
[SourceTitle "EXT 2019"]
[Source "ChessBase"]
[SourceDate "2018.10.10"]
[SourceVersion "1"]
[SourceVersionDate "2018.10.10"]
[SourceQuality "1"]
[WhiteTeam "Poznan UMKS Na Pieterku U19"]
[BlackTeam "Gniezno LKS Chrobry U19"]
[WhiteTeamCountry "POL"]
[BlackTeamCountry "POL"]

1. e4 c5 2. Nf3 e6 3. d4 cxd4 4. Nxd4 a6 5. a4 Nf6 6. Nd2 Qc7 7. Bd3 Be7 8. h3 b6 9. Qe2 d6 10. c3 Bb7 11. 0-0 0-0 12. Re1 Nbd7 13. Bc2 Rac8 14. N2f3 Rfe8 15. Bd2 Nc5 16. e5 dxe5 17. Nxe5 Bd6 18. f3 Nd5 19. Rad1 f6 20. Ng4 Bg3 21. Nf2 e5 22. Nf5 Bxf2+ 23. Qxf2 Rcd8 24. Qg3 Kh8 25. Nh4 Bc6 26. Ra1 Qf7 27. b4 Ne6 28. Bb3 Nxb4 29. Be3 Nd3 30. Reb1 Ndc5 31. Bxc5 bxc5 32. Bc4 a5 33. Rb6 Qc7 34. Rab1 Nf4 35. Nf5 Rd7 36. Rxc6 Qxc6 37. Bb5 Qc7 38. Rb2 Rd1+ 39. Kh2 Red8 40. Ba6 Ng6 41. Rb7 Qc6 42. Rxg7 Qxa6 43. Rxg6 hxg6 44. Qxg6 R1d7 45. Nh6 Qe6 46. Ng4 Rg7 47. Qh6+ Rh7 48. Qe3 c4 49. Qc5 Qd5 50. Qb6 Qd6 51. Qxa5 e4+ 52. Kg1 exf3 53. Qf5 fxg2 54. Kxg2 Qd5+ 55. Qxd5 Rxd5 56. Nxf6 Rg7+ 57. Ng4 Rd3 58. a5 Rxc3 59. a6 Ra3 60. Kf2 Rxa6 61. Ke2 Rxg4 62. hxg4 Rd6 63. Ke3 c3 64. g5 c2 65. Ke4 c1Q 66. Kf5 Qc5+ 67. Kg4 Rg6 68. Kf4 Rxg5 69. Ke4 Qb4+ 70. Kf3 Rc5 71. Ke2 Rc3 72. Kd2 Qb2+ 73. Kd1 Rc1# 0-1

[Event "POL-chT U19 2nd League"]
[Site "Iwonicz"]
[Date "2016.07.31"]
[Round "2.71"]
[White "Bakalarczyk, Zuzanna"]
[Black "Andrzejewska, Maja"]
[Result "1/2-1/2"]
[WhiteElo "1312"]
[BlackElo "1298"]
[PlyCount "114"]
[EventDate "2016.07.23"]
[EventType "team-swiss"]
[EventRounds "11"]
[EventCountry "POL"]
[SourceTitle "EXT 2019"]
[Source "ChessBase"]
[SourceDate "2018.10.10"]
[SourceVersion "1"]
[SourceVersionDate "2018.10.10"]
[SourceQuality "1"]
[WhiteTeam "Wielun UKS Piatka U19"]
[BlackTeam "Poznan UMKS Na Pieterku U19"]
[WhiteTeamCountry "POL"]
[BlackTeamCountry "POL"]

1. e4 c5 2. Nf3 Nc6 3. Bb5 d6 4. Bxc6+ bxc6 5. h3 g6 6. 0-0 Bg7 7. c3 e5 8. d4 cxd4 9. cxd4 Bb7 10. Nc3 Ne7 11. dxe5 dxe5 12. Qc2 0-0 13. Be3 Qc8 14. Rfd1 c5 15. Nb5 a6 16. Nd6 Qc6 17. Qxc5 Rab8 18. Rac1 Qa4 19. Qc4 Qxc4 20. Rxc4 Nc8 21. Nxb7 Rxb7 22. b3 Ne7 23. Rd6 Ra8 24. Bg5 h6 25. Bf6 Bxf6 26. Rxf6 Kg7 27. Rd6 f6 28. Ne1 a5 29. Nd3 Kf7 30. Nb2 Kg7 31. Na4 Kf7 32. Nc3 Kg7 33. Nd5 Nxd5 34. Rxd5 Ra6 35. Kf1 g5 36. Ke2 a4 37. bxa4 Rba7 38. a5 Rxa5 39. Rxa5 Rxa5 40. a4 Kf7 41. Kd2 Ke6 42. f3 Kd6 43. Kc3 Ra6 44. Kb3 Kd7 45. Rc2 Kd6 46. Ka3 Kd7 47. Kb4 Rb6+ 48. Ka3 Ra6 49. Rc4 Rd6 50. Rc2 Ra6 51. g3 Rd6 52. Rc3 Ra6 53. Rd3+ Kc7 54. Rc3+ Kb7 55. Rc5 Rd6 56. Rd5 Rc6 57. Rb5+ Kc7 1/2-1/2

[Event "POL-chT U19 2nd League"]
[Site "Iwonicz"]
[Date "2016.07.31"]
[Round "11.35"]
[White "Kucharska, Honorata"]
[Black "Andrzejewska, Maja"]
[Result "1-0"]
[WhiteElo "1855"]
[BlackElo "1298"]
[PlyCount "95"]
[EventDate "2016.07.23"]
[EventType "team-swiss"]
[EventRounds "11"]
[EventCountry "POL"]
[SourceTitle "EXT 2019"]
[Source "ChessBase"]
[SourceDate "2018.10.10"]
[SourceVersion "1"]
[SourceVersionDate "2018.10.10"]
[SourceQuality "1"]
[WhiteTeam "Rybnik MKSz U19 II"]
[BlackTeam "Poznan UMKS Na Pieterku U19"]
[WhiteTeamCountry "POL"]
[BlackTeamCountry "POL"]

1. e4 c5 2. Nf3 Nc6 3. d4 cxd4 4. Nxd4 e6 5. Nc3 a6 6. Be2 Nf6 7. 0-0 Be7 8. Be3 d5 9. exd5 Nxd5 10. Nxd5 Qxd5 11. Bf3 Qd7 12. Nxc6 bxc6 13. Qe2 Bb7 14. Rad1 Qc7 15. Qd3 c5 16. Bxb7 Qxb7 17. b3 0-0 18. Qd7 Ra7 19. Qa4 Qb5 20. Qg4 Kh8 21. Bg5 Bxg5 22. Qxg5 c4 23. Rd8 Ra8 24. Rxa8 Rxa8 25. Qf4 cxb3 26. axb3 Qd7 27. c4 f6 28. c5 e5 29. Qf3 Rc8 30. b4 Qb5 31. Qg4 Rb8 32. Rd1 h6 33. Rd7 Rg8 34. h3 a5 35. bxa5 Qxc5 36. a6 Qc1+ 37. Rd1 Qa3 38. Qc4 Ra8 39. Qc6 Qf8 40. Rd6 Rc8 41. Qd5 Ra8 42. a7 Kh7 43. Rd7 Rc8 44. Kh2 Qe8 45. Rb7 Ra8 46. Qb3 Qc6 47. Qf7 Rg8 48. a8Q 1-0

[Event "POL-chT U19 Wielkopolskie"]
[Site "Poland"]
[Date "2016.04.03"]
[Round "8.17"]
[White "Andrzejewska, Maja"]
[Black "Kubiak, Aleksandra"]
[Result "1-0"]
[WhiteElo "1295"]
[BlackElo "1267"]
[PlyCount "53"]
[EventDate "2016.02.13"]
[EventType "team-tourn"]
[EventRounds "9"]
[EventCountry "POL"]
[SourceTitle "EXT 2019"]
[Source "ChessBase"]
[SourceDate "2018.10.10"]
[SourceVersion "1"]
[SourceVersionDate "2018.10.10"]
[SourceQuality "1"]

1. e4 a6 2. d4 b5 3. c4 b4 4. b3 Bb7 5. Nd2 e6 6. Ngf3 c5 7. d5 exd5 8. exd5 Nf6 9. Bb2 Be7 10. Bd3 0-0 11. 0-0 Re8 12. Qc2 h6 13. Rae1 d6 14. Re2 Bc8 15. Rfe1 Bd7 16. Bf5 Bxf5 17. Qxf5 Nbd7 18. Ne4 Nxe4 19. Qxe4 Nb6 20. Nh4 Ra7 21. Nf5 f6 22. Qg4 g5 23. Nxh6+ Kg7 24. Nf5+ Kf7 25. Qh5+ Kf8 26. Qh8+ Kf7 27. Qg7# 1-0

[Event "POL-chT U19 Wielkopolskie"]
[Site "Poland"]
[Date "2016.02.13"]
[Round "1.11"]
[White "Andrzejewska, Maja"]
[Black "Janiszewska, Karolina"]
[Result "1-0"]
[WhiteElo "1295"]
[BlackElo "1006"]
[PlyCount "83"]
[EventDate "2016.02.13"]
[EventType "team-tourn"]
[EventRounds "9"]
[EventCountry "POL"]
[SourceTitle "EXT 2019"]
[Source "ChessBase"]
[SourceDate "2018.10.10"]
[SourceVersion "1"]
[SourceVersionDate "2018.10.10"]
[SourceQuality "1"]

1. e4 e5 2. Nf3 Nc6 3. d4 d6 4. dxe5 dxe5 5. Qxd8+ Kxd8 6. b3 Nf6 7. Bd3 Bd6 8. Bb2 Bg4 9. Nbd2 Nb4 10. Nxe5 Bxe5 11. Bxe5 Re8 12. Bxf6+ gxf6 13. f3 Be6 14. a3 Nc6 15. Bc4 a6 16. 0-0-0 b5 17. Nb1+ Kc8 18. Bd5 Kb7 19. Nc3 Rad8 20. Rd2 Re7 21. Bxc6+ Kxc6 22. Rxd8 f5 23. Re1 f4 24. Nd5 Rd7 25. Rxd7 Kxd7 26. Nxf4 Ke7 27. Nxe6 fxe6 28. f4 c5 29. g4 h6 30. e5 Kf7 31. f5 exf5 32. gxf5 h5 33. e6+ Ke7 34. f6+ Kxf6 35. e7 Kg5 36. e8Q Kg4 37. Qg6+ Kf4 38. Rf1+ Ke5 39. Rf5+ Ke4 40. Qe6+ Kd4 41. Rd5+ Kc3 42. Rd3# 1-0

[Event "POL-chT U19 2nd League"]
[Site "Szczyrk"]
[Date "2014.08.01"]
[Round "10.105"]
[White "Gworys, Grzegorz"]
[Black "Andrzejewska, Maja"]
[Result "1-0"]
[WhiteElo "1391"]
[BlackElo "1134"]
[PlyCount "137"]
[EventDate "2014.07.25"]
[EventType "team-swiss"]
[EventRounds "11"]
[EventCountry "POL"]
[SourceTitle "EXT 2015"]
[Source "ChessBase"]
[SourceDate "2014.11.20"]
[SourceVersion "1"]
[SourceVersionDate "2014.11.20"]
[SourceQuality "1"]
[WhiteTeam "Czestochowa UKS Hetman U19"]
[BlackTeam "Poznan UMKS Na Pieterku U19"]
[WhiteTeamCountry "POL"]
[BlackTeamCountry "POL"]

1. e4 c5 2. Nf3 d6 3. d4 cxd4 4. Nxd4 Nf6 5. Nc3 Qb6 6. Rb1 e5 7. Ndb5 a6 8. Be3 Qc6 9. f3 Bd7 10. Na3 Be7 11. Nd5 Nxd5 12. exd5 Qc7 13. Nc4 b5 14. Nb6 Ra7 15. Nxd7 Nxd7 16. Bxa7 Qxa7 17. Bd3 0-0 18. Qe2 Nf6 19. Be4 Rc8 20. c3 Nh5 21. Qf2 Qxf2+ 22. Kxf2 g6 23. g4 Ng7 24. Rhg1 Bd8 25. Rg2 Kf8 26. Rc1 Ne8 27. Bd3 Bg5 28. Rc2 Nf6 29. c4 bxc4 30. Rxc4 Rxc4 31. Bxc4 Ke7 32. Rg1 a5 33. Ke2 e4 34. h3 h6 35. a3 Kd7 36. b4 axb4 37. axb4 Kc7 38. Ra1 exf3+ 39. Kxf3 Bd2 40. b5 Kb6 41. Ra6+ Kb7 42. Rxd6 Ne8 43. Rd7+ Kb6 44. Rxf7 Kc5 45. Re7 Nd6 46. Rc7+ Kb6 47. Rc6+ Kb7 48. Rxd6 Bb4 49. Rxg6 Bc5 50. d6 Kc8 51. b6 Bxb6 52. d7+ Kc7 53. Rxb6 Kxd7 54. Rxh6 Ke7 55. g5 Kf8 56. g6 Kg7 57. Rh7+ Kxg6 58. Bd3+ Kf6 59. h4 Ke6 60. h5 Kf6 61. h6 Kg5 62. Rh8 Kf6 63. h7 Kg7 64. Rg8+ Kf7 65. h8Q Ke6 66. Rg5 Kd6 67. Qf6+ Kd7 68. Rg7+ Kc8 69. Qf8# 1-0

[Event "POL-chT U19 2nd League"]
[Site "Szczyrk"]
[Date "2014.07.28"]
[Round "6.87"]
[White "Andrzejewska, Maja"]
[Black "Lipski, Lukasz"]
[Result "0-1"]
[WhiteElo "1134"]
[BlackElo "1595"]
[PlyCount "194"]
[EventDate "2014.07.25"]
[EventType "team-swiss"]
[EventRounds "11"]
[EventCountry "POL"]
[SourceTitle "EXT 2015"]
[Source "ChessBase"]
[SourceDate "2014.11.20"]
[SourceVersion "1"]
[SourceVersionDate "2014.11.20"]
[SourceQuality "1"]
[WhiteTeam "Poznan UMKS Na Pieterku U19"]
[BlackTeam "Wroclaw KS Polonia U19 II"]
[WhiteTeamCountry "POL"]
[BlackTeamCountry "POL"]

1. e4 c6 2. c4 e6 3. Nc3 d5 4. cxd5 exd5 5. exd5 cxd5 6. d4 Nf6 7. Nf3 Nc6 8. Bb5 Bg4 9. h3 Bh5 10. 0-0 Be7 11. Qd3 0-0 12. Re1 a6 13. Bxc6 bxc6 14. Ne2 Bg6 15. Qb3 Qb8 16. Qxb8 Raxb8 17. a3 Rfe8 18. b4 Ne4 19. Bf4 Bd6 20. Ne5 Rbc8 21. Nxg6 hxg6 22. Bxd6 Nxd6 23. Nc3 Nc4 24. a4 Rxe1+ 25. Rxe1 Rb8 26. Rb1 Na3 27. Rb2 Kf8 28. f3 Ke7 29. Kf2 Kd6 30. Ke2 Re8+ 31. Kf2 Rb8 32. Ke2 Ke6 33. Kf2 Kf5 34. g3 g5 35. Kg2 Nc4 36. Rb1 Ne3+ 37. Kf2 Nc2 38. b5 axb5 39. axb5 Nxd4 40. bxc6 Rxb1 41. c7 Rb2+ 42. Ke3 Ne6 43. c8Q d4+ 44. Kd3 Rb3 45. Qd7 Rxc3+ 46. Ke2 Rc2+ 47. Kd3 Rh2 48. Qxf7+ Ke5 49. h4 Rh3 50. hxg5 Rxg3 51. g6 Rg5 52. Kc4 Rf5 53. Qd7 Kf6 54. Qf7+ Ke5 55. Qd7 Rf4 56. Qb5+ Kf6 57. Qe8 Rf5 58. Qf7+ Ke5 59. Qd7 Rf4 60. Qb5+ Kf6 61. Qe8 Ke5 62. Qd7 Rf5 63. Qb5+ Kf6 64. Qe8 Rc5+ 65. Kd3 Rf5 66. Qf7+ Ke5 67. Qe7 Rxf3+ 68. Ke2 Re3+ 69. Kd2 Rg3 70. Qe8 Rg2+ 71. Kd3 Rg5 72. Kd2 Rf5 73. Qe7 Rf6 74. Qe8 Kf5 75. Kd3 Rxg6 76. Qb5+ Kg4 77. Qd7 Rf6 78. Qc8 Rf3+ 79. Ke2 Kg3 80. Qb8+ Nf4+ 81. Kd1 g6 82. Qd6 d3 83. Ke1 g5 84. Kd2 g4 85. Ke1 Kg2 86. Qc6 Kg1 87. Kd2 Rf2+ 88. Ke1 g3 89. Qc5 d2+ 90. Kd1 g2 91. Qg5 Kf1 92. Qd5 Ne2 93. Qg5 Nc3+ 94. Kc2 d1Q+ 95. Kxc3 Qd2+ 96. Qxd2 Rxd2 97. Kxd2 g1Q 0-1